[Event "Stuttgart-chA int"]
[Site "Ditzingen"]
[Date "2012.05.19"]
[Round "5"]
[White "Andraschko, Felix"]
[Black "Kerpe, Andreas"]
[Result "1/2-1/2"]
[WhiteElo "2069"]
[BlackElo "2168"]
[PlyCount "53"]
[EventDate "2012.05.17"]
[EventType "swiss"]
[EventRounds "7"]
[EventCountry "GER"]
[SourceTitle "EXT 2018"]
[Source "ChessBase"]
[SourceDate "2017.10.13"]
[SourceVersion "1"]
[SourceVersionDate "2017.10.13"]
[SourceQuality "1"]

1. Nf3 d6 2. e4 Nf6 3. Nc3 g6 4. d4 Bg7 5. Be3 c6 6. Qd2 Qa5 7. h3 0-0 8. Bd3 Re8 9. 0-0 e5 10. dxe5 dxe5 11. Rfb1 Qc7 12. a4 a5 13. Bc4 Na6 14. Ng5 Re7 15. Rd1 Nd7 16. f4 exf4 17. Bxf4 Be5 18. Be3 Nf8 19. Qd8 Qxd8 20. Rxd8 Bc7 21. Bxf7+ Rxf7 22. Nxf7 Bxd8 23. Nxd8 Nb4 24. Bh6 Nxc2 25. Rf1 Ne6 26. Nf7 Bd7 27. Ne5 1/2-1/2

[Event "Stuttgart-chA int"]
[Site "Ditzingen"]
[Date "2012.05.18"]
[Round "3"]
[White "Sand, Rolf"]
[Black "Kerpe, Andreas"]
[Result "1/2-1/2"]
[WhiteElo "1991"]
[BlackElo "2168"]
[PlyCount "116"]
[EventDate "2012.05.17"]
[EventType "swiss"]
[EventRounds "7"]
[EventCountry "GER"]
[SourceTitle "EXT 2018"]
[Source "ChessBase"]
[SourceDate "2017.10.13"]
[SourceVersion "1"]
[SourceVersionDate "2017.10.13"]
[SourceQuality "1"]

1. c4 f5 2. g3 Nf6 3. Bg2 g6 4. Nc3 Bg7 5. d3 d6 6. e4 Nc6 7. Nge2 e5 8. 0-0 0-0 9. Nd5 Be6 10. exf5 Bxf5 11. Bg5 Qd7 12. Qd2 Rac8 13. Rad1 Bh3 14. Nxf6+ Bxf6 15. Bxf6 Rxf6 16. d4 Bxg2 17. Kxg2 Qf5 18. f4 Qe4+ 19. Kg1 exd4 20. Nxd4 Nxd4 21. Qxd4 Qxd4+ 22. Rxd4 Re8 23. Rd2 Re4 24. b3 Rf7 25. Kg2 Rfe7 26. Rff2 Kf7 27. Kf3 Re3+ 28. Kg2 Kf6 29. Rf3 R3e4 30. Rff2 b6 31. Kf3 Re3+ 32. Kg2 a5 33. Rf3 R3e4 34. a4 Re1 35. Rdd3 R7e4 36. Rd2 Kf5 37. Rd5+ Kf6 38. Rd2 Re7 39. h3 R1e3 40. Rdf2 Re1 41. Rd2 h5 42. Rdd3 R7e4 43. Rf1 Rxf1 44. Kxf1 h4 45. Kf2 hxg3+ 46. Kxg3 Re2 47. Kf3 Rh2 48. Kg4 Rh1 49. Rd5 Rg1+ 50. Kf3 Re1 51. Kg4 Rb1 52. Rd3 Rg1+ 53. Kf3 Kf5 54. Rd5+ Ke6 55. Rd3 c6 56. Re3+ Kf5 57. Rd3 Ke6 58. Re3+ Kf5 1/2-1/2

[Event "Stuttgart-chA int"]
[Site "Ditzingen"]
[Date "2009.05.21"]
[Round "2"]
[White "Schuh, Dirk"]
[Black "Kerpe, Andreas"]
[Result "1-0"]
[WhiteElo "2313"]
[BlackElo "2084"]
[PlyCount "61"]
[EventDate "2009.05.21"]
[EventType "swiss"]
[EventRounds "7"]
[EventCountry "GER"]
[SourceTitle "EXT 2018"]
[Source "ChessBase"]
[SourceDate "2017.10.13"]
[SourceVersion "1"]
[SourceVersionDate "2017.10.13"]
[SourceQuality "1"]

1. e4 e5 2. Nc3 Nc6 3. g3 g6 4. Bg2 Bg7 5. Nge2 d6 6. 0-0 Nge7 7. Nd5 Nxd5 8. exd5 Ne7 9. a4 0-0 10. a5 a6 11. d4 exd4 12. Nxd4 Nf5 13. Nxf5 Bxf5 14. c3 Qd7 15. Be3 Rfe8 16. Ra4 h5 17. Rb4 Rab8 18. Qb3 Qc8 19. Rc1 Bd7 20. Rd1 Bf8 21. Rd2 Bh3 22. Bxh3 Qxh3 23. Rd1 Qc8 24. Ba7 Ra8 25. Rxb7 Bh6 26. c4 Qf5 27. Rxc7 Re2 28. Qd3 Qe5 29. Bd4 Qe8 30. Qf3 Re7 31. Qf6 1-0

[Event "Staufer op 21st"]
[Site "Schwaebisch Gmuend"]
[Date "2009.01.04"]
[Round "7"]
[White "Kerpe, Andreas"]
[Black "Poetsch, Hagen"]
[Result "0-1"]
[WhiteElo "2068"]
[BlackElo "2248"]
[PlyCount "88"]
[EventDate "2009.01.02"]
[EventType "swiss"]
[EventRounds "9"]
[EventCountry "GER"]
[SourceTitle "CBM 128 Extra"]
[Source "ChessBase"]
[SourceDate "2009.03.05"]
[SourceVersion "2"]
[SourceVersionDate "2009.03.25"]
[SourceQuality "1"]

1. e4 e6 2. d4 d5 3. e5 c5 4. c3 Qb6 5. Nf3 Nc6 6. Be2 cxd4 7. cxd4 Nh6 8. Bd3 Bd7 9. Bc2 Nb4 10. Bxh6 gxh6 11. Nc3 Nxc2+ 12. Qxc2 Bg7 13. 0-0 Rc8 14. Qd2 0-0 15. Rfe1 Rc4 16. Rad1 Rfc8 17. h3 Qc7 18. Nh2 Qd8 19. Ng4 Qg5 20. f4 Qh4 21. Kh2 b5 22. Ne3 R4c7 23. g3 Qh5 24. Qf2 f6 25. exf6 Bxf6 26. Ng4 Bg7 27. Ne5 b4 28. Nb1 Bb5 29. g4 Qe8 30. Qe3 Qe7 31. Nf3 Bd7 32. Rc1 Qd6 33. Rxc7 Qxc7 34. Re2 Qc1 35. Nbd2 Qxb2 36. Nb3 Rc2 37. Rxc2 Qxc2+ 38. Qd2 Qxd2+ 39. Nfxd2 Bb5 40. Nf3 Bc4 41. Kg2 a5 42. Nfd2 a4 43. Nc5 Bxa2 44. Nxa4 Bxd4 0-1

[Event "Staufer op 21st"]
[Site "Schwaebisch Gmuend"]
[Date "2009.01.03"]
[Round "3"]
[White "Kerpe, Andreas"]
[Black "Tscharotschkin, Michael"]
[Result "0-1"]
[WhiteElo "2068"]
[BlackElo "2263"]
[PlyCount "68"]
[EventDate "2009.01.02"]
[EventType "swiss"]
[EventRounds "9"]
[EventCountry "GER"]
[SourceTitle "CBM 128 Extra"]
[Source "ChessBase"]
[SourceDate "2009.03.05"]
[SourceVersion "2"]
[SourceVersionDate "2009.03.25"]
[SourceQuality "1"]

1. f4 d5 2. Nf3 g6 3. g3 Bg7 4. Bg2 Nf6 5. 0-0 0-0 6. d3 c6 7. e3 Nbd7 8. Nc3 Qc7 9. e4 dxe4 10. dxe4 Nc5 11. e5 Rd8 12. Qe2 Nd5 13. Nxd5 cxd5 14. Rd1 Bf5 15. Be3 Be4 16. Ng5 Bxg2 17. Qxg2 e6 18. Bd4 h6 19. Nf3 Ne4 20. c3 Bf8 21. Nd2 Nxd2 22. Qxd2 Bc5 23. Bxc5 Qxc5+ 24. Qf2 Rac8 25. Rd4 a5 26. Rad1 b5 27. a3 Rd7 28. g4 Qe7 29. f5 exf5 30. gxf5 Qxe5 31. fxg6 fxg6 32. Qd2 Rc4 33. Qxh6 Rh7 34. Rxd5 Rg4+ 0-1

[Event "Davos op 6th"]
[Site "Davos"]
[Date "2007.08.12"]
[Round "7"]
[White "Milovic, Aleksandra"]
[Black "Kerpe, Andreas"]
[Result "1-0"]
[WhiteElo "2163"]
[BlackElo "1955"]
[PlyCount "37"]
[EventDate "2007.08.06"]
[EventType "swiss"]
[EventRounds "7"]
[EventCountry "SUI"]
[SourceTitle "CBM 119 Extra"]
[Source "ChessBase"]
[SourceDate "2007.09.04"]
[SourceVersion "1"]
[SourceVersionDate "2007.09.04"]
[SourceQuality "1"]

1. e4 e5 2. Nf3 Nc6 3. Nc3 Nf6 4. d4 Bb4 5. Nxe5 Qe7 6. Bc4 Nxe5 7. dxe5 Qxe5 8. 0-0 Bxc3 9. bxc3 0-0 10. Bd3 d6 11. f4 Qxc3 12. Rb1 Bg4 13. Qd2 Qxd2 14. Bxd2 Bc8 15. Bc3 Rb8 16. Rf3 b6 17. Rg3 Nh5 18. Rg5 Nxf4 19. Rxg7+ 1-0

[Event "Stuttgart-chA int"]
[Site "Ditzingen"]
[Date "2006.05.28"]
[Round "7"]
[White "Reichert, Manuel"]
[Black "Kerpe, Andreas"]
[Result "1/2-1/2"]
[WhiteElo "1693"]
[BlackElo "1938"]
[PlyCount "55"]
[EventDate "2006.05.25"]
[EventType "swiss"]
[EventRounds "7"]
[EventCountry "GER"]
[SourceTitle "EXT 2018"]
[Source "ChessBase"]
[SourceDate "2017.10.13"]
[SourceVersion "1"]
[SourceVersionDate "2017.10.13"]
[SourceQuality "1"]

1. c4 f5 2. Nc3 Nf6 3. d4 d6 4. g3 g6 5. Bg2 Bg7 6. Nf3 0-0 7. 0-0 Qe8 8. Re1 Qf7 9. b3 Ne4 10. Bb2 Nd7 11. e3 c6 12. Qc2 Nxc3 13. Bxc3 e5 14. e4 f4 15. c5 exd4 16. Bxd4 Bxd4 17. Nxd4 Nxc5 18. e5 Ne6 19. Nxe6 Qxe6 20. exd6 Qxd6 21. Qc4+ Kg7 22. Rad1 Qf6 23. Re4 fxg3 24. fxg3 Bf5 25. Rf1 Qd6 26. Qc3+ Kg8 27. Qc4+ Kg7 28. Qc3+ 1/2-1/2

[Event "Boeblingen op 22nd"]
[Site "Boeblingen"]
[Date "2005.12.29"]
[Round "6"]
[White "Kerpe, Andreas"]
[Black "Schwenk, Andreas"]
[Result "1/2-1/2"]
[WhiteElo "1951"]
[BlackElo "2169"]
[PlyCount "52"]
[EventDate "2005.12.26"]
[EventType "swiss"]
[EventRounds "9"]
[EventCountry "GER"]
[SourceTitle "CBM 110 Extra"]
[Source "ChessBase"]
[SourceDate "2006.03.10"]
[SourceVersion "2"]
[SourceVersionDate "2006.03.10"]
[SourceQuality "1"]

1. f4 d5 2. Nf3 g6 3. g3 Bg7 4. Bg2 c5 5. d3 Nc6 6. 0-0 Nh6 7. c3 0-0 8. Na3 d4 9. Bd2 Nf5 10. Nc4 Be6 11. Qe1 Bxc4 12. dxc4 Nd6 13. b3 Ne4 14. Rd1 Nxd2 15. Rxd2 Qa5 16. cxd4 Nxd4 17. Ne5 Rad8 18. Rb2 Qc7 19. e3 Nc6 20. Nxc6 Bxb2 21. Nxd8 Rxd8 22. Qe2 Bf6 23. Rd1 b6 24. Bf3 e6 25. Rxd8+ Qxd8 26. Qd1 Qxd1+ 1/2-1/2

[Event "IECG CB.2004.0.00113 email"]
[Site "IECG email"]
[Date "2004.04.23"]
[Round "?"]
[White "Kerpe, Andreas"]
[Black "Brayman, Neal Zvi"]
[Result "1/2-1/2"]
[WhiteElo "1987"]
[BlackElo "1808"]
[PlyCount "48"]
[EventDate "2004.04.23"]
[EventType "tourn (corr)"]
[EventRounds "6"]
[SourceTitle "Corr 2008"]
[Source "ChessBase"]
[SourceDate "2008.06.24"]
[SourceVersion "1"]
[SourceVersionDate "2008.06.24"]
[SourceQuality "1"]

1. f4 d5 2. Nf3 c5 3. g3 Nc6 4. Bg2 g6 5. d3 Bg7 6. 0-0 Nf6 7. c3 0-0 8. Qc2 d4 9. Na3 Nd5 10. Bd2 Bf5 11. Nc4 h6 12. Qb3 Nb6 13. Nce5 Rc8 14. Nxc6 Rxc6 15. Nh4 c4 16. Qa3 Re6 17. Nxf5 gxf5 18. Rfe1 Qd7 19. Rab1 Na4 20. dxc4 Ra6 21. Qb3 Rb6 22. Qc2 Rd8 23. Bf3 dxc3 24. Bxc3 Nxc3 1/2-1/2